A dubious legacy

Enregistré dans:
Détails bibliographiques
Auteur principal: Wesley, Mary
Format: Livre
Langue:Undetermined
Publié: Oxford Oxford Univ. Press 2003
Sujets:
Tags: Ajouter un tag
Pas de tags, Soyez le premier à ajouter un tag!
Thư viện lưu trữ: Trung tâm Học liệu Trường Đại học Cần Thơ
LEADER 00509nam a2200205Ia 4500
001 CTU_65185
008 210402s9999 xx 000 0 und d
020 |c 39000 
082 |a 823.9 
082 |b W514 
100 |a Wesley, Mary 
245 2 |a A dubious legacy 
245 0 |c Mary Wesley 
260 |a Oxford 
260 |b Oxford Univ. Press 
260 |c 2003 
650 |a English literature 
650 |y 20th century 
904 |i Minh,Qhieu 
980 |a Trung tâm Học liệu Trường Đại học Cần Thơ